header

NLP coaching (Record no. 219296)

MARC details
000 -LEADER
fixed length control field 01479nam a2200409 a 4500
082 04 - DEWEY DECIMAL CLASSIFICATION NUMBER
Classification number 158/.9
100 1# - MAIN ENTRY--AUTHOR NAME
Personal name Hayes, Phil.
245 10 - TITLE STATEMENT
Title NLP coaching
260 ## - PUBLICATION, DISTRIBUTION, ETC. (IMPRINT)
Place of publication Maidenhead, England ;
-- New York :
Name of publisher Open University Press,
Year of publication 2006.
300 ## - PHYSICAL DESCRIPTION
Number of Pages 126 p.
490 1# - SERIES STATEMENT
Series statement Coaching in practice series
650 #0 - SUBJECT ADDED ENTRY--TOPICAL TERM
Topical Term Neurolinguistic programming.
Topical Term Executive coaching.
Topical Term Personal coaching.
856 40 - ELECTRONIC LOCATION AND ACCESS
Uniform Resource Identifier http://site.ebrary.com/lib/rucke/Doc?id=10197041

No items available.

© 2026 Rongo University
Contact us: librarian | system librarian | Rongo university